Citas para una historia de la educación
Guardat en:
| Autor principal: | |
|---|---|
| Format: | Llibre |
| Idioma: | espanyol |
| Publicat: |
Santiago
Ediciones Academia Libre
2014
|
| Edició: | 1a. ed |
| Matèries: | |
| Etiquetes: |
Afegir etiqueta
Sense etiquetes, Sigues el primer a etiquetar aquest registre!
|
MARC
| LEADER | 00000cam a2200000 a 4500 | ||
|---|---|---|---|
| 001 | UCE7232 | ||
| 003 | CL-VaPUC | ||
| 008 | 150529e20140000cl |||||||||||||||||spa|d | ||
| 020 | |a 9789563536287 | ||
| 082 | 0 | 4 | |a 370.1 |b HEV |2 21 |
| 100 | 0 | |a Hevia, David |e author |9 579918 | |
| 245 | 1 | 0 | |a Citas para una historia de la educación |
| 250 | |a 1a. ed | ||
| 300 | |a 133 p | ||
| 942 | |c BK | ||
| 945 | |d 20150529 15:00:00 |a gsalatino | ||
| 260 | |a Santiago |b Ediciones Academia Libre |c 2014 | ||
| 650 | 7 | |a CITAS |2 CL-VaPUC |9 309806 | |
| 650 | 7 | |a REFLEXIONES |2 CL-VaPUC |9 399754 | |
| 650 | 0 | |a Filosofía de la educación |9 258384 | |
| 583 | |a last modification |c 20150529 15:00:00 |k Rodrigo Vera | ||
| 999 | |c 359333 |d 359331 | ||
| 952 | |0 0 |1 0 |3 erb |4 0 |6 370_100000000000000_HEV_2014 |7 0 |8 A |9 468492 |a BIBTEO |b BIBTEO |i 5161363 |o 370.1 HEV 2014 |p 5161363 |r 2025-01-17 |w 2019-11-23 |y BK |z Catalogado en:20150529 |k ICR | ||